000 01535nam a2200385 i 4500
001 25103
003 KOSZ 005
005 20200618115038.0
008 970510s1993 pl a f |000 0 pol
015 _aPB 1994/3431
020 _a8390056720
035 _a(OCoLC)749434732
040 _aWA N
_cWA N
_dKOSZ 005/HR
041 1 _apol
_heng
080 _a330.342.14
080 _a(075.8+076)
100 1 _aCopeland, Douglas W.
_eAutor
245 1 0 _aPrzewodnik studiowania :
_bćwiczenia : Kamerschen, McKenzie, Nardinelli - Ekonomia /
_cDouglas W. Copeland ; [tł. z ang. zespół pod kier. Piotra Kuropatwińskiego, K. Gawlikowska et al.].
260 _aGdańsk ; Boston [etc.] :
_bFundacja Gospodarcza NSZZ [Niezależnego Samorządnego Związku Zawodowego] "Solidarność" : Houghton Mifflin Company,
_c1993.
300 _aXIV, 679s. :
_bwykr. ;
_c29 cm.
336 _2rdacontent
_aTekst
_btxt
337 _2rdamedia
_aBez urządzenia pośredniczącego
_bn
338 _2rdacarrier
_aWolumin
_bnc
380 _aKsiążki
380 _aPublikacje dydaktyczne
385 _mPoziom nauczania
_aSzkoły wyższe
388 _a1901-2000
658 _aGospodarka, ekonomia, finanse
655 4 _aĆwiczenia i zadania dla szkół wyższych
650 4 _aEkonomia
700 1 _aGawlikowska, K.
_eTłumaczenie
700 1 _aKuropatwiński, Piotr
_d(1950- )
_eTłumaczenie
856 _uhttp://koha.tu.koszalin.pl/cgi-bin/koha/opac-detail.pl?biblionumber=25103
_yKatalog online BPK
942 _2UKD
_cKS
999 _c25103
_d25103